[Event "Irena Warakomska Memorial B"]
[Site "Suwalki"]
[Date "2018.08.03"]
[Round "4"]
[White "Sapinski, Sebastian"]
[Black "Wolagiewicz, Kinga"]
[Result "1/2-1/2"]
[Board "30"]
[WhiteElo "1496"]
[WhiteCountry "POL"]
[WhiteFideId "21817340"]
[WhiteEloChange "3"]
[BlackElo "1611"]
[BlackCountry "POL"]
[BlackFideId "1195212"]
[BlackEloChange "-3"]

1. e4 {[%clk 1:30:30]} c6 {[%clk 1:30:30]} 2. d4 {[%clk 1:30:30]} d5 {[%clk
1:30:30]} 3. Nc3 {[%clk 1:30:30]} dxe4 {[%clk 1:30:30]} 4. Nxe4 {[%clk 1:30:30]}
Nf6 {[%clk 1:30:30]} 5. Nxf6+ {[%clk 1:30:30]} exf6 {[%clk 1:30:30]} 6. Nf3
{[%clk 1:30:30]} Bd6 {[%clk 1:30:30]} 7. Bd3 {[%clk 1:30:30]} O-O {[%clk
1:30:30]} 8. O-O {[%clk 1:30:30]} Re8 {[%clk 1:30:30]} 9. h3 {[%clk 1:30:30]} Nd7
{[%clk 1:30:30]} 10. c4 {[%clk 1:30:30]} Nf8 {[%clk 1:30:30]} 11. Bd2 {[%clk
1:30:30]} Be6 {[%clk 1:30:30]} 12. Bc3 {[%clk 1:30:30]} Qd7 {[%clk 1:30:30]} 13.
Qb3 {[%clk 1:30:30]} b5 {[%clk 1:30:30]} 14. d5 {[%clk 1:30:30]} cxd5 {[%clk
1:30:30]} 15. Qxb5 {[%clk 1:30:30]} dxc4 {[%clk 1:30:30]} 16. Bxc4 {[%clk
1:30:30]} Bxc4 {[%clk 1:30:30]} 17. Qxc4 {[%clk 1:30:30]} Rac8 {[%clk 1:30:30]}
18. Qb3 {[%clk 1:30:30]} Ne6 {[%clk 1:30:30]} 19. Rad1 {[%clk 1:30:30]} Qc7
{[%clk 1:30:30]} 20. Nd4 {[%clk 1:30:30]} Bc5 {[%clk 1:30:30]} 21. Nxe6 {[%clk
1:30:30]} Rxe6 {[%clk 1:30:30]} 22. Qa4 {[%clk 1:30:30]} Qb6 {[%clk 1:30:30]} 23.
Qg4 {[%clk 1:30:30]} Rce8 {[%clk 1:30:30]} 24. Rd2 {[%clk 1:30:30]} g6 {[%clk
1:30:30]} 25. Qf3 {[%clk 1:30:30]} Qa6 {[%clk 1:30:30]} 26. Rd5 {[%clk 1:30:30]}
Bf8 {[%clk 1:30:30]} 27. a3 {[%clk 1:30:30]} Bg7 {[%clk 1:30:30]} 28. Rfd1 {[%clk
1:30:30]} Qb7 {[%clk 1:30:30]} 29. Qd3 {[%clk 1:30:30]} f5 {[%clk 1:30:30]} 30.
Bxg7 {[%clk 1:30:30]} Kxg7 {[%clk 1:30:30]} 31. Qc3+ {[%clk 1:30:30]} Kg8 {[%clk
1:30:30]} 32. Rd7 {[%clk 1:30:30]} Qb6 {[%clk 1:30:30]} 33. Qd4 {[%clk 1:30:30]}
Re1+ {[%clk 1:30:30]} 34. Rxe1 {[%clk 1:30:30]} Rxe1+ {[%clk 1:30:30]} 35. Kh2
{[%clk 1:30:30]} Qxd4 {[%clk 1:30:30]} 36. Rxd4 {[%clk 1:30:30]} Re2 {[%clk
1:30:30]} 37. b3 {[%clk 1:30:30]} Rxf2 {[%clk 1:30:30]} 38. Rd7 {[%clk 1:30:30]}
a5 {[%clk 1:30:30]} 39. Ra7 {[%clk 1:30:30]} Rb2 {[%clk 1:30:30]} 40. Rxa5 {[%clk
1:30:30]} Rxb3 {[%clk 1:30:30]} 41. a4 {[%clk 1:30:30]} Rb8 {[%clk 1:30:30]} 42.
Ra7 {[%clk 1:30:30]} Kg7 {[%clk 1:30:30]} 43. a5 {[%clk 1:30:30]} g5 {[%clk
1:30:30]} 44. a6 {[%clk 1:30:30]} Rb2 {[%clk 1:30:30]} 45. Rb7 {[%clk 1:30:30]}
Ra2 {[%clk 1:30:30]} 46. a7 {[%clk 1:30:30]} f4 {[%clk 1:30:30]} 47. Rb5 {[%clk
1:30:30]} Kg6 {[%clk 1:30:30]} 48. Rb6+ {[%clk 1:30:30]} f6 {[%clk 1:30:30]} 49.
Rb7 {[%clk 1:30:30]} f3 {[%clk 1:30:30]} 50. a8Q {[%clk 1:30:30]} Rxa8 {[%clk
1:30:30]} 51. gxf3 {[%clk 1:30:30]} Ra3 {[%clk 1:30:30]} 52. Kg3 {[%clk 1:30:30]}
h5 {[%clk 1:30:30]} 53. Rb4 {[%clk 1:30:30]} h4+ {[%clk 1:30:30]} 54. Kg2 {[%clk
1:30:30]} Ra2+ {[%clk 1:30:30]} 55. Kg1 {[%clk 1:30:30]} Kf5 {[%clk 1:30:30]} 56.
Re4 {[%clk 1:30:30]} Ra5 {[%clk 1:30:30]} 57. Kf2 {[%clk 1:30:30]} Re5 {[%clk
1:30:30]} 58. Ra4 {[%clk 1:30:30]} Rd5 {[%clk 1:30:30]} 59. Re4 {[%clk 1:30:30]}
Kg6 {[%clk 1:30:30]} 60. Ra4 {[%clk 1:30:30]} f5 {[%clk 1:30:30]} 61. Ra8 {[%clk
1:30:30]} Kf6 {[%clk 1:30:30]} 62. Ra6+ {[%clk 1:30:30]} Ke5 {[%clk 1:30:30]} 63.
Ke3 {[%clk 1:30:30]} Rb5 {[%clk 1:30:30]} 64. Ra3 {[%clk 1:30:30]} Rb2 {[%clk
1:30:30]} 65. Ra5+ {[%clk 1:30:30]} Kf6 {[%clk 1:30:30]} 66. Ra6+ {[%clk
1:30:30]} Kg7 {[%clk 1:30:30]} 67. Ra7+ {[%clk 1:30:30]} Kh6 {[%clk 1:30:30]} 68.
Ra6+ {[%clk 1:30:30]} Kh5 {[%clk 1:30:30]} 69. Ra5 {[%clk 1:30:30]} f4+ {[%clk
1:30:30]} 70. Ke4 {[%clk 1:30:30]} Rh2 {[%clk 1:30:30]} 71. Kf5 {[%clk 1:30:30]}
Rxh3 {[%clk 1:30:30]} 72. Ra7 {[%clk 1:30:30]} Kh6 {[%clk 1:30:30]} 73. Ra6+
{[%clk 1:30:30]} Kg7 {[%clk 1:30:30]} 74. Kxg5 {[%clk 1:30:30]} Rxf3 {[%clk
1:30:30]} 75. Rg6+ {[%clk 1:30:30]} 1/2-1/2

[Event "Irena Warakomska Memorial B"]
[Site "Suwalki"]
[Date "2018.08.08"]
[Round "9"]
[White "Shamatava, Nikolozi"]
[Black "Koziej, Maciej"]
[Result "1/2-1/2"]
[Board "1"]
[WhiteElo "1589"]
[WhiteCountry "GEO"]
[WhiteFideId "13619950"]
[WhiteEloChange "8"]
[BlackElo "2027"]
[BlackTitle "FM"]
[BlackCountry "POL"]
[BlackFideId "1139347"]
[BlackEloChange "-8"]

1. d4 {[%clk 1:30:30]} Nf6 {[%clk 1:17:23]} 2. Nf3 {[%clk 1:30:54]} d5 {[%clk
1:17:42]} 3. e3 {[%clk 1:30:44]} c6 {[%clk 1:17:41]} 4. Bd3 {[%clk 1:30:43]} Bg4
{[%clk 1:16:24]} 5. O-O {[%clk 1:28:45]} Nbd7 {[%clk 1:14:21]} 6. Re1 {[%clk
1:26:06]} e6 {[%clk 1:10:08]} 7. Nbd2 {[%clk 1:23:57]} Bd6 {[%clk 1:07:55]} 8. h3
{[%clk 1:23:31]} Bh5 {[%clk 1:08:14]} 9. e4 {[%clk 1:22:44]} dxe4 {[%clk
1:08:34]} 10. Nxe4 {[%clk 1:22:44]} Nxe4 {[%clk 1:08:54]} 11. Bxe4 {[%clk
1:22:44]} Nf6 {[%clk 1:09:19]} 12. Bg5 {[%clk 1:21:36]} Qa5 {[%clk 1:08:01]} 13.
Bxf6 {[%clk 1:14:00]} gxf6 {[%clk 1:08:21]} 14. Qd2 {[%clk 1:14:20]} Qxd2 {[%clk
0:56:25]} 15. Nxd2 {[%clk 1:13:13]} Bf4 {[%clk 0:55:18]} 16. Nb3 {[%clk 1:12:21]}
O-O-O {[%clk 0:54:41]} 17. g3 {[%clk 1:05:27]} Bc7 {[%clk 0:54:05]} 18. a4 {[%clk
1:02:22]} f5 {[%clk 0:54:29]} 19. Bg2 {[%clk 1:02:47]} f4 {[%clk 0:54:24]} 20. g4
{[%clk 1:01:20]} Bg6 {[%clk 0:49:52]} 21. c3 {[%clk 0:57:09]} h5 {[%clk 0:49:31]}
22. a5 {[%clk 0:55:16]} a6 {[%clk 0:48:03]} 23. Nc5 {[%clk 0:54:24]} hxg4 {[%clk
0:47:37]} 24. hxg4 {[%clk 0:54:49]} Rh4 {[%clk 0:46:40]} 25. f3 {[%clk 0:51:02]}
Rd5 {[%clk 0:42:50]} 26. Bf1 {[%clk 0:44:31]} Rg5 {[%clk 0:41:02]} 27. Bc4 {[%clk
0:43:39]} Bd6 {[%clk 0:33:36]} 28. b4 {[%clk 0:41:44]} Bh7 {[%clk 0:26:04]} 29.
Kg2 {[%clk 0:40:42]} Rg6 {[%clk 0:23:25]} 30. Rh1 {[%clk 0:34:00]} Rgh6 {[%clk
0:23:49]} 31. Rxh4 {[%clk 0:33:39]} Rxh4 {[%clk 0:23:49]} 32. Rh1 {[%clk
0:33:59]} Rxh1 {[%clk 0:22:27]} 33. Kxh1 {[%clk 0:33:59]} Bxc5 {[%clk 0:19:11]}
34. dxc5 {[%clk 0:33:58]} Kd7 {[%clk 0:18:50]} 35. Kg2 {[%clk 0:34:18]} 1/2-1/2

[Event "Irena Warakomska Memorial B"]
[Site "Suwalki"]
[Date "2018.08.08"]
[Round "9"]
[White "Mazalon, Mariusz"]
[Black "Samborski, Henryk"]
[Result "0-1"]
[Board "6"]
[WhiteElo "2060"]
[WhiteCountry "POL"]
[WhiteFideId "1103105"]
[WhiteEloChange "-9"]
[BlackElo "2098"]
[BlackCountry "POL"]
[BlackFideId "1103849"]
[BlackEloChange "9"]

1. Nf3 {[%clk 1:30:30]} Nf6 {[%clk 1:30:30]} 2. g3 {[%clk 1:30:30]} b6 {[%clk
1:30:30]} 3. Bg2 {[%clk 1:30:30]} Bb7 {[%clk 1:30:30]} 4. c4 {[%clk 1:30:30]} e6
{[%clk 1:30:30]} 5. Nc3 {[%clk 1:30:30]} Be7 {[%clk 1:30:30]} 6. O-O {[%clk
1:30:30]} O-O {[%clk 1:30:30]} 7. d4 {[%clk 1:30:30]} Ne4 {[%clk 1:30:30]} 8. Qc2
{[%clk 1:30:30]} Nxc3 {[%clk 1:30:30]} 9. Qxc3 {[%clk 1:30:30]} Bf6 {[%clk
1:30:30]} 10. b3 {[%clk 1:30:30]} c5 {[%clk 1:30:30]} 11. Bb2 {[%clk 1:30:30]}
Nc6 {[%clk 1:30:30]} 12. Qd2 {[%clk 1:30:30]} d6 {[%clk 1:30:30]} 13. d5 {[%clk
1:30:30]} exd5 {[%clk 1:30:30]} 14. cxd5 {[%clk 1:30:30]} Nb4 {[%clk 1:30:30]}
15. e4 {[%clk 1:30:30]} Re8 {[%clk 1:30:30]} 16. a3 {[%clk 1:30:30]} Bxb2 {[%clk
1:30:30]} 17. Qxb2 {[%clk 1:30:30]} Nd3 {[%clk 1:30:30]} 18. Qc3 {[%clk 1:30:30]}
Ba6 {[%clk 1:30:30]} 19. Nd2 {[%clk 1:30:30]} Ne5 {[%clk 1:30:30]} 20. f4 {[%clk
1:30:30]} Bxf1 {[%clk 1:30:30]} 21. Rxf1 {[%clk 1:30:30]} Ng4 {[%clk 1:30:30]}
22. h3 {[%clk 1:30:30]} Qf6 {[%clk 1:30:30]} 23. Qxf6 {[%clk 1:30:30]} Nxf6
{[%clk 1:30:30]} 24. a4 {[%clk 1:30:30]} Rad8 {[%clk 1:30:30]} 25. Nc4 {[%clk
1:30:30]} Nxe4 {[%clk 1:30:30]} 0-1

[Event "Irena Warakomska Memorial B"]
[Site "Suwalki"]
[Date "2018.08.08"]
[Round "9"]
[White "Jankowiak, Piotr"]
[Black "Hrymowicz, Artur"]
[Result "1/2-1/2"]
[Board "7"]
[WhiteElo "1902"]
[WhiteCountry "POL"]
[WhiteFideId "1185250"]
[WhiteEloChange "6"]
[BlackElo "2123"]
[BlackCountry "POL"]
[BlackFideId "1194240"]
[BlackEloChange "-6"]

1. d4 {[%clk 1:30:30]} Nf6 {[%clk 1:30:30]} 2. Bf4 {[%clk 1:30:30]} g6 {[%clk
1:30:30]} 3. Nc3 {[%clk 1:30:30]} d5 {[%clk 1:30:30]} 4. e3 {[%clk 1:30:30]} Bg7
{[%clk 1:30:30]} 5. h4 {[%clk 1:30:30]} h5 {[%clk 1:30:30]} 6. Nf3 {[%clk
1:30:30]} O-O {[%clk 1:30:30]} 7. Ne5 {[%clk 1:30:30]} c5 {[%clk 1:30:30]} 8. Be2
{[%clk 1:30:30]} Nc6 {[%clk 1:30:30]} 9. Qd2 {[%clk 1:30:30]} cxd4 {[%clk
1:30:30]} 10. exd4 {[%clk 1:30:30]} Be6 {[%clk 1:30:30]} 11. f3 {[%clk 1:30:30]}
Nd7 {[%clk 1:30:30]} 12. Nxd7 {[%clk 1:30:30]} Qxd7 {[%clk 1:30:30]} 13. Be3
{[%clk 1:30:30]} a6 {[%clk 1:30:30]} 14. Na4 {[%clk 1:30:30]} Qc7 {[%clk
1:30:30]} 15. O-O-O {[%clk 1:30:30]} Rfc8 {[%clk 1:30:30]} 16. Bf4 {[%clk
1:30:30]} Qd8 {[%clk 1:30:30]} 17. Be3 {[%clk 1:30:30]} Bf5 {[%clk 1:30:30]} 18.
Kb1 {[%clk 1:30:30]} Na5 {[%clk 1:30:30]} 19. Nc5 {[%clk 1:30:30]} b6 {[%clk
1:30:30]} 20. g4 {[%clk 1:30:30]} hxg4 {[%clk 1:30:30]} 21. fxg4 {[%clk 1:30:30]}
Bxc2+ {[%clk 1:30:30]} 22. Qxc2 {[%clk 1:30:30]} bxc5 {[%clk 1:30:30]} 23. dxc5
{[%clk 1:30:30]} Rab8 {[%clk 1:30:30]} 24. b3 {[%clk 1:30:30]} Nc6 {[%clk
1:30:30]} 25. h5 {[%clk 1:30:30]} Nb4 {[%clk 1:30:30]} 26. Qd2 {[%clk 1:30:30]}
Qa5 {[%clk 1:30:30]} 27. hxg6 {[%clk 1:30:30]} fxg6 {[%clk 1:30:30]} 28. g5
{[%clk 1:30:30]} Qa3 {[%clk 1:30:30]} 29. Bg4 {[%clk 1:30:30]} Nd3 {[%clk
1:30:30]} 30. Be6+ {[%clk 1:30:30]} Kf8 {[%clk 1:30:30]} 31. Bxd5 {[%clk
1:30:30]} e6 {[%clk 1:30:30]} 32. Bc4 {[%clk 1:30:30]} Rb4 {[%clk 1:30:30]} 33.
Bxe6 {[%clk 1:30:30]} Rcb8 {[%clk 1:30:30]} 34. Qc2 {[%clk 1:30:30]} Ke7 {[%clk
1:30:30]} 35. Bc1 {[%clk 1:30:30]} Qa4 {...[%clk 1:30:30]} 1/2-1/2

[Event "Irena Warakomska Memorial B"]
[Site "Suwalki"]
[Date "2018.08.08"]
[Round "9"]
[White "Piekielny, Pawel"]
[Black "Litner, Igor"]
[Result "1-0"]
[Board "8"]
[WhiteElo "1918"]
[WhiteCountry "POL"]
[WhiteFideId "21838828"]
[WhiteEloChange "10"]
[BlackElo "1929"]
[BlackCountry "POL"]
[BlackFideId "1163078"]
[BlackEloChange "-10"]

1. e4 {[%clk 1:30:30]} d6 {[%clk 1:30:30]} 2. d4 {[%clk 1:30:30]} Nf6 {[%clk
1:30:30]} 3. Nc3 {[%clk 1:30:30]} e5 {[%clk 1:30:30]} 4. Nf3 {[%clk 1:30:30]}
Nbd7 {[%clk 1:30:30]} 5. Bc4 {[%clk 1:30:30]} Be7 {[%clk 1:30:30]} 6. O-O {[%clk
1:30:30]} O-O {[%clk 1:30:30]} 7. a4 {[%clk 1:30:30]} c6 {[%clk 1:30:30]} 8. Re1
{[%clk 1:30:30]} Qc7 {[%clk 1:30:30]} 9. h3 {[%clk 1:30:30]} b6 {[%clk 1:30:30]}
10. d5 {[%clk 1:30:30]} Bb7 {[%clk 1:30:30]} 11. dxc6 {[%clk 1:30:30]} Bxc6
{[%clk 1:30:30]} 12. Bb5 {[%clk 1:30:30]} a6 {[%clk 1:30:30]} 13. Bxc6 {[%clk
1:30:30]} Qxc6 {[%clk 1:30:30]} 14. Bg5 {[%clk 1:30:30]} Rac8 {[%clk 1:30:30]}
15. Nh2 {[%clk 1:30:30]} h6 {[%clk 1:30:30]} 16. Bxf6 {[%clk 1:30:30]} Bxf6
{[%clk 1:30:30]} 17. Re2 {[%clk 1:30:30]} Nc5 {[%clk 1:30:30]} 18. Nd5 {[%clk
1:30:30]} Bd8 {[%clk 1:30:30]} 19. c3 {[%clk 1:30:30]} f5 {[%clk 1:30:30]} 20.
exf5 {[%clk 1:30:30]} Rxf5 {[%clk 1:30:30]} 21. Nf1 {[%clk 1:30:30]} Rf7 {[%clk
1:30:30]} 22. b4 {[%clk 1:30:30]} Nd7 {[%clk 1:30:30]} 23. Qd3 {[%clk 1:30:30]}
Bg5 {[%clk 1:30:30]} 24. Qxa6 {[%clk 1:30:30]} Ra8 {[%clk 1:30:30]} 25. Qd3
{[%clk 1:30:30]} Rxa4 {[%clk 1:30:30]} 26. Rxa4 {[%clk 1:30:30]} Qxa4 {[%clk
1:30:30]} 27. Ng3 {[%clk 1:30:30]} Bf4 {[%clk 1:30:30]} 28. Nxf4 {[%clk 1:30:30]}
exf4 {[%clk 1:30:30]} 29. Nf5 {[%clk 1:30:30]} Nf8 {[%clk 1:30:30]} 30. Qd5
{[%clk 1:30:30]} Qa1+ {[%clk 1:30:30]} 31. Kh2 {[%clk 1:30:30]} Qxc3 {[%clk
1:30:30]} 32. Ne7+ {[%clk 1:30:30]} 1-0

[Event "Irena Warakomska Memorial B"]
[Site "Suwalki"]
[Date "2018.08.08"]
[Round "9"]
[White "Krasiewicz, Robert"]
[Black "Marinc, Damir"]
[Result "1-0"]
[Board "9"]
[WhiteElo "1990"]
[WhiteCountry "POL"]
[WhiteFideId "1128612"]
[WhiteEloChange "8"]
[BlackElo "1931"]
[BlackCountry "SLO"]
[BlackFideId "14607344"]
[BlackEloChange "-8"]

1. c4 {[%clk 1:30:30]} e5 {[%clk 1:30:30]} 2. g3 {[%clk 1:30:30]} f5 {[%clk
1:30:30]} 3. Bg2 {[%clk 1:30:30]} Nf6 {[%clk 1:30:30]} 4. Nc3 {[%clk 1:30:30]} c6
{[%clk 1:30:30]} 5. d4 {[%clk 1:30:30]} e4 {[%clk 1:30:30]} 6. Bg5 {[%clk
1:30:30]} h6 {[%clk 1:30:30]} 7. Bxf6 {[%clk 1:30:30]} Qxf6 {[%clk 1:30:30]} 8.
e3 {[%clk 1:30:30]} d6 {[%clk 1:30:30]} 9. Nge2 {[%clk 1:30:30]} Qf7 {[%clk
1:30:30]} 10. Qb3 {[%clk 1:30:30]} Nd7 {[%clk 1:30:30]} 11. h4 {[%clk 1:30:30]}
Nb6 {[%clk 1:30:30]} 12. d5 {[%clk 1:30:30]} Be7 {[%clk 1:30:30]} 13. Rd1 {[%clk
1:30:30]} O-O {[%clk 1:30:30]} 14. h5 {[%clk 1:30:30]} Nd7 {[%clk 1:30:30]} 15.
Nf4 {[%clk 1:30:30]} Ne5 {[%clk 1:30:30]} 16. Nce2 {[%clk 1:30:30]} c5 {[%clk
1:30:30]} 17. Ng1 {[%clk 1:30:30]} Bd7 {[%clk 1:30:30]} 18. f3 {[%clk 1:30:30]}
exf3 {[%clk 1:30:30]} 19. Nxf3 {[%clk 1:30:30]} Nxf3+ {[%clk 1:30:30]} 20. Bxf3
{[%clk 1:30:30]} Bg5 {[%clk 1:30:30]} 21. Rd2 {[%clk 1:30:30]} Bxf4 {[%clk
1:30:30]} 22. gxf4 {[%clk 1:30:30]} Qe7 {[%clk 1:30:30]} 23. Rg2 {[%clk 1:30:30]}
Rae8 {[%clk 1:30:30]} 24. Kd2 {[%clk 1:30:30]} Rf7 {[%clk 1:30:30]} 25. Rg6
{[%clk 1:30:30]} Kh7 {[%clk 1:30:30]} 26. Re1 {[%clk 1:30:30]} b6 {[%clk
1:30:30]} 27. Qa3 {[%clk 1:30:30]} Bc8 {[%clk 1:30:30]} 28. Qc3 {[%clk 1:30:30]}
Bd7 {[%clk 1:30:30]} 29. Qa3 {[%clk 1:30:30]} Bc8 {[%clk 1:30:30]} 30. Qa4 {[%clk
1:30:30]} Rf6 {[%clk 1:30:30]} 31. Rg3 {[%clk 1:30:30]} Rf7 {[%clk 1:30:30]} 32.
Qa3 {[%clk 1:30:30]} Qf6 {[%clk 1:30:30]} 33. Rg6 {[%clk 1:30:30]} Qe7 {[%clk
1:30:30]} 34. Reg1 {[%clk 1:30:30]} a6 {[%clk 1:30:30]} 35. Be2 {[%clk 1:30:30]}
Qc7 {[%clk 1:30:30]} 36. R1g3 {[%clk 1:30:30]} Qe7 {[%clk 1:30:30]} 37. Qa4
{[%clk 1:30:30]} Rd8 {[%clk 1:30:30]} 38. Qb3 {[%clk 1:30:30]} Qc7 {[%clk
1:30:30]} 39. Bd3 {[%clk 1:30:30]} Re8 {[%clk 1:30:30]} 40. Qa4 {[%clk 1:30:30]}
Ree7 {[%clk 1:30:30]} 41. a3 {[%clk 1:30:30]} Bd7 {[%clk 1:30:30]} 42. Qxa6
{[%clk 1:30:30]} Qd8 {[%clk 1:30:30]} 43. b4 {[%clk 1:30:30]} cxb4 {[%clk
1:30:30]} 44. axb4 {[%clk 1:30:30]} Be8 {[%clk 1:30:30]} 45. Qa1 {[%clk 1:30:30]}
Ra7 {[%clk 1:30:30]} 46. Bxf5 {[%clk 1:30:30]} Kh8 {[%clk 1:30:30]} 47. Rxh6+
{[%clk 1:30:30]} Kg8 {[%clk 1:30:30]} 48. Qb1 {[%clk 1:30:30]} Qa8 {[%clk
1:30:30]} 49. Be6 {[%clk 1:30:30]} Ra2+ {[%clk 1:30:30]} 50. Kd3 {[%clk 1:30:30]}
Qa3+ {[%clk 1:30:30]} 51. Ke4 {[%clk 1:30:30]} Ba4 {[%clk 1:30:30]} 52. Kf3
{[%clk 1:30:30]} Bc2 {[%clk 1:30:30]} 53. Qg1 {[%clk 1:30:30]} Qc3 {[%clk
1:30:30]} 54. Rhg6 {[%clk 1:30:30]} Be4+ {[%clk 1:30:30]} 55. Kg4 {[%clk
1:30:30]} Ra1 {[%clk 1:30:30]} 56. Qf2 {[%clk 1:30:30]} Kf8 {[%clk 1:30:30]} 57.
Bxf7 {[%clk 1:30:30]} Kxf7 {[%clk 1:30:30]} 58. Rxd6 {[%clk 1:30:30]} Qd3 {[%clk
1:30:30]} 59. Rd7+ {[%clk 1:30:30]} Kf6 {[%clk 1:30:30]} 60. Qb2+ {[%clk
1:30:30]} 1-0

[Event "Irena Warakomska Memorial B"]
[Site "Suwalki"]
[Date "2018.08.08"]
[Round "9"]
[White "Kumanovskiy, Evgeny"]
[Black "Flis, Pawel"]
[Result "1/2-1/2"]
[Board "10"]
[WhiteElo "2084"]
[WhiteCountry "UKR"]
[WhiteFideId "14105942"]
[WhiteEloChange "-4"]
[BlackElo "1934"]
[BlackCountry "POL"]
[BlackFideId "1112864"]
[BlackEloChange "4"]

1. d4 {[%clk 1:30:30]} c5 {[%clk 1:30:30]} 2. Nf3 {[%clk 1:30:30]} cxd4 {[%clk
1:30:30]} 3. Nxd4 {[%clk 1:30:30]} d5 {[%clk 1:30:30]} 4. e3 {[%clk 1:30:30]} e5
{[%clk 1:30:30]} 5. Bb5+ {[%clk 1:30:30]} Bd7 {[%clk 1:30:30]} 6. Bxd7+ {[%clk
1:30:30]} Qxd7 {[%clk 1:30:30]} 7. Nf3 {[%clk 1:30:30]} Nc6 {[%clk 1:30:30]} 8.
O-O {[%clk 1:30:30]} Nf6 {[%clk 1:30:30]} 9. b3 {[%clk 1:30:30]} Bd6 {[%clk
1:30:30]} 10. Ba3 {[%clk 1:30:30]} O-O {[%clk 1:30:30]} 11. c4 {[%clk 1:30:30]}
Bxa3 {[%clk 1:30:30]} 12. Nxa3 {[%clk 1:30:30]} Rfd8 {[%clk 1:30:30]} 13. cxd5
{[%clk 1:30:30]} Qe7 {[%clk 1:30:30]} 14. Nc4 {[%clk 1:30:30]} Rxd5 {[%clk
1:30:30]} 15. Qe2 {[%clk 1:30:30]} e4 {[%clk 1:30:30]} 16. Nd4 {[%clk 1:30:30]}
Nxd4 {[%clk 1:30:30]} 17. exd4 {[%clk 1:30:30]} Rxd4 {[%clk 1:30:30]} 18. Rad1
{[%clk 1:30:30]} Rad8 {[%clk 1:30:30]} 19. Rxd4 {[%clk 1:30:30]} Rxd4 {[%clk
1:30:30]} 20. Qe3 {[%clk 1:30:30]} Qd7 {[%clk 1:30:30]} 21. h3 {[%clk 1:30:30]}
b6 {[%clk 1:30:30]} 22. Qf4 {[%clk 1:30:30]} h6 {[%clk 1:30:30]} 23. Rc1 {[%clk
1:30:30]} Rd1+ {[%clk 1:30:30]} 24. Rxd1 {[%clk 1:30:30]} Qxd1+ {[%clk 1:30:30]}
25. Kh2 {[%clk 1:30:30]} Qd7 {[%clk 1:30:30]} 26. Nd2 {[%clk 1:30:30]} Qd5 {[%clk
1:30:30]} 27. Nc4 {[%clk 1:30:30]} b5 {[%clk 1:30:30]} 28. Ne3 {[%clk 1:30:30]}
Qd8 {[%clk 1:30:30]} 29. Qe5 {[%clk 1:30:30]} Qd2 {[%clk 1:30:30]} 30. Ng4 {[%clk
1:30:30]} Nxg4+ {[%clk 1:30:30]} 31. hxg4 {[%clk 1:30:30]} Qxf2 {[%clk 1:30:30]}
32. Qe8+ {[%clk 1:30:30]} Kh7 {[%clk 1:30:30]} 33. Qxe4+ {[%clk 1:30:30]} g6
{[%clk 1:30:30]} 34. Qb7 {[%clk 1:30:30]} Qh4+ {[%clk 1:30:30]} 35. Kg1 {[%clk
1:30:30]} Qe1+ {[%clk 1:30:30]} 36. Kh2 {[%clk 1:30:30]} Qe5+ {[%clk 1:30:30]}
37. Kh1 {[%clk 1:30:30]} Qe1+ {[%clk 1:30:30]} 38. Kh2 {[%clk 1:30:30]} Qh4+
{[%clk 1:30:30]} 39. Kg1 {[%clk 1:30:30]} Qe1+ {[%clk 1:30:30]} 40. Kh2 {[%clk
1:30:30]} Qh4+ {[%clk 1:30:30]} 41. Kg1 $11 {[%clk 1:30:30]} 1/2-1/2

[Event "Irena Warakomska Memorial B"]
[Site "Suwalki"]
[Date "2018.08.08"]
[Round "9"]
[White "Salah, Nadezhda"]
[Black "Sukhimski, Vladimir"]
[Result "0-1"]
[Board "11"]
[WhiteElo "2059"]
[WhiteCountry "UKR"]
[WhiteFideId "14139758"]
[WhiteEloChange "-9"]
[BlackElo "2083"]
[BlackCountry "UKR"]
[BlackFideId "14102889"]
[BlackEloChange "9"]

1. d4 {[%clk 1:30:30]} Nf6 {[%clk 1:30:30]} 2. Nf3 {[%clk 1:30:30]} c5 {[%clk
1:30:30]} 3. d5 {[%clk 1:30:30]} d6 {[%clk 1:30:30]} 4. Nc3 {[%clk 1:30:30]} g6
{[%clk 1:30:30]} 5. e4 {[%clk 1:30:30]} Bg7 {[%clk 1:30:30]} 6. Bb5+ {[%clk
1:30:30]} Nbd7 {[%clk 1:30:30]} 7. a4 {[%clk 1:30:30]} O-O {[%clk 1:30:30]} 8.
O-O {[%clk 1:30:30]} a6 {[%clk 1:30:30]} 9. Bc4 {[%clk 1:30:30]} Ng4 {[%clk
1:30:30]} 10. Nd2 {[%clk 1:30:30]} f5 {[%clk 1:30:30]} 11. Bb3 {[%clk 1:30:30]}
Rb8 {[%clk 1:30:30]} 12. h3 {[%clk 1:30:30]} Nh6 {[%clk 1:30:30]} 13. exf5 {[%clk
1:30:30]} Nxf5 {[%clk 1:30:30]} 14. a5 {[%clk 1:30:30]} b5 {[%clk 1:30:30]} 15.
axb6 {[%clk 1:30:30]} Nd4 {[%clk 1:30:30]} 16. Bc4 {[%clk 1:30:30]} Rxb6 {[%clk
1:30:30]} 17. Nce4 {[%clk 1:30:30]} Ne5 {[%clk 1:30:30]} 18. c3 {[%clk 1:30:30]}
Nb5 {[%clk 1:30:30]} 19. Be2 {[%clk 1:30:30]} Nc7 {[%clk 1:30:30]} 20. f4 {[%clk
1:30:30]} Nf7 {[%clk 1:30:30]} 21. Nc4 {[%clk 1:30:30]} Rb8 {[%clk 1:30:30]} 22.
Na5 {[%clk 1:30:30]} Bd7 {[%clk 1:30:30]} 23. Re1 {[%clk 1:30:30]} Re8 {[%clk
1:30:30]} 24. Bg4 {[%clk 1:30:30]} Rb6 {[%clk 1:30:30]} 25. Nc4 {[%clk 1:30:30]}
Rb8 {[%clk 1:30:30]} 26. Ne3 {[%clk 1:30:30]} Qc8 {[%clk 1:30:30]} 27. Nc4 {[%clk
1:30:30]} h5 {[%clk 1:30:30]} 28. Bf3 {[%clk 1:30:30]} Qb7 {[%clk 1:30:30]} 29.
Ng5 {[%clk 1:30:30]} Nxg5 {[%clk 1:30:30]} 30. fxg5 {[%clk 1:30:30]} Qb3 {[%clk
1:30:30]} 31. Qd3 {[%clk 1:30:30]} Bf5 {[%clk 1:30:30]} 32. Be4 {[%clk 1:30:30]}
e6 {[%clk 1:30:30]} 33. Nxd6 {[%clk 1:30:30]} exd5 {[%clk 1:30:30]} 34. Nxe8
{[%clk 1:30:30]} dxe4 {[%clk 1:30:30]} 35. Nf6+ {[%clk 1:30:30]} Bxf6 {[%clk
1:30:30]} 36. Qg3 {[%clk 1:30:30]} Bd8 {[%clk 1:30:30]} 37. Bf4 {[%clk 1:30:30]}
Rb7 {[%clk 1:30:30]} 38. Rad1 {[%clk 1:30:30]} Ne6 {[%clk 1:30:30]} 39. Rd2
{[%clk 1:30:30]} Qb5 {[%clk 1:30:30]} 40. Red1 {[%clk 1:30:30]} Be7 {[%clk
1:30:30]} 41. Be3 {[%clk 1:30:30]} c4 {[%clk 1:30:30]} 42. Rd5 {[%clk 1:30:30]}
Qc6 {[%clk 1:30:30]} 43. Qh4 {[%clk 1:30:30]} Ng7 {[%clk 1:30:30]} 44. Qf4 {[%clk
1:30:30]} Ne6 {[%clk 1:30:30]} 45. Qh4 {[%clk 1:30:30]} Nc7 {[%clk 1:30:30]} 46.
R5d2 {[%clk 1:30:30]} Rb5 {[%clk 1:30:30]} 47. g4 {[%clk 1:30:30]} Nd5 {[%clk
1:30:30]} 48. Rxd5 {[%clk 1:30:30]} Rxd5 {[%clk 1:30:30]} 49. Rxd5 {[%clk
1:30:30]} Qxd5 {[%clk 1:30:30]} 50. gxf5 {[%clk 1:30:30]} Qd1+ {[%clk 1:30:30]}
51. Kh2 {[%clk 1:30:30]} Bd6+ {[%clk 1:30:30]} 52. Bf4 {[%clk 1:30:30]} Qd2+
{[%clk 1:30:30]} 53. Kg1 {[%clk 1:30:30]} Qxf4 {[%clk 1:30:30]} 0-1